Фундаментальные и прикладные проблемы государства, судебной власти, правосудия и судебной деятельности (Запись № 13666654)

Подробности
000 -МАРКЕР
контрольное поле 02305nam0a2200385 4500
001 - ИДЕНТИФИКАТОР ЗАПИСИ
контрольное поле RU\NLR\BIBL_A\022345413
005 - ИДЕНТИФИКАТОР ВЕРСИИ
контрольное поле 20260420015500.0
010 ## - МЕЖДУНАРОДНЫЙ СТАНДАРТНЫЙ НОМЕР КНИГИ (ISBN)
Номер (ISBN) 978-5-6051774-0-1
Тираж 500
021 ## - НОМЕР ГОСУДАРСТВЕННОЙ РЕГИСТРАЦИИ
Код страны Российская Федерация
Номер КН-П-24-049600
Номер Листа государственной регистраци КН-П-24-4930
035 ## - ДРУГИЕ СИСТЕМНЫЕ НОМЕРА
Идентификатор записи (NLR Aleph) 022345413
100 ## - ДАННЫЕ ОБЩЕЙ ОБРАБОТКИ
Данные общей обработки 20241008d2024 k y0rusy50 ca
101 0# - ЯЗЫК РЕСУРСА
Язык текста, звукозаписи и т.д. русский
102 ## - СТРАНА ПУБЛИКАЦИИ ИЛИ ПРОИЗВОДСТВА
Страна публикации Российская Федерация
105 ## - ПОЛЕ КОДИРОВАННЫХ ДАННЫХ: ТЕКСТОВЫЕ МАТЕРИАЛЫ, МОНОГРАФИЧЕСКИЕ
Кодированные данные о монографическом текстовом документе y z 110yy
181 #0 - ПОЛЕ КОДИРОВАННЫХ ДАННЫХ: ВИД СОДЕРЖАНИЯ
Код вида содержания (ISBD) i
Код характеристики содержания (ISBD) axxe
182 #0 - ПОЛЕ КОДИРОВАННЫХ ДАННЫХ: ТИП СРЕДСТВА
Код типа средства (ISBD) n - непосредственное
200 1# - ЗАГЛАВИЕ И СВЕДЕНИЯ ОБ ОТВЕТСТВЕННОСТИ
Основное заглавие Фундаментальные и прикладные проблемы государства, судебной власти, правосудия и судебной деятельности
Сведения, относящиеся к заглавию материалы "круглого стола" (9 ноября 2023 г.)
Первые сведения об ответственности под редакцией доктора юридических наук, профессора Н. А. Колоколова
203 ## - ВИД СОДЕРЖАНИЯ И ТИП СРЕДСТВА
Вид содержания Текст
Дополнительные сведения об издании визуальный
Тип средства непосредственный
210 ## - ПУБЛИКАЦИЯ, РАСПРОСТРАНЕНИЕ И ДР.
Место издания, распространения и т.д. Москва
Имя издателя, распространителя и т. д. УМЦ
Дата издания, распространения и т.д. 2024
215 ## - ФИЗИЧЕСКАЯ ХАРАКТЕРИСТИКА
Специфическое обозначение материала и объем 461, [1] с.
Размеры 20
300 ## - ОБЩИЕ ПРИМЕЧАНИЯ
Текст примечания На тит. с. и обл.: Университет мировых цивилизаций им. В. В. Жириновского, 25 лет
320 ## - ПРИМЕЧАНИЯ О НАЛИЧИИ В ДОКУМЕНТЕ БИБЛИОГРАФИИ / УКАЗАТЕЛЯ
Текст примечания Библиогр. в конце ст. и в подстроч. примеч.
606 1# - НАИМЕНОВАНИЕ ТЕМЫ КАК ПРЕДМЕТ
Наименование темы Государство
Формальный подзаголовок Съезды, совещания и т.п
Системный номер авторитетной/нормативной записи 1282982
Идентификатор авторитетной/нормативной записи RU\NLR\AUTH\66211629
606 1# - НАИМЕНОВАНИЕ ТЕМЫ КАК ПРЕДМЕТ
Наименование темы Судебная система
Формальный подзаголовок Съезды, совещания и т.п
Системный номер авторитетной/нормативной записи 1732696
Идентификатор авторитетной/нормативной записи RU\NLR\AUTH\661070792
686 1# - ИНДЕКСЫ ДРУГИХ КЛАССИФИКАЦИЙ
Индекс Х.я431
686 1# - ИНДЕКСЫ ДРУГИХ КЛАССИФИКАЦИЙ
Индекс Х629.01я431
702 #1 - ИМЯ ЛИЦА - ВТОРИЧНАЯ ОТВЕТСТВЕННОСТЬ
Код отношения Редактор
Графика поля Кириллица
Материалы, к которым относится поле rus
Начальный элемент ввода Колоколов
Часть имени, кроме начального элемента ввода Н. А.
Даты 1955-
Расширение инициалов личного имени Никита Александрович
Системный номер авторитетной/нормативной записи 29138
Идентификатор авторитетной/нормативной записи RU\NLR\AUTH\7746203
711 12 - НАИМЕНОВАНИЕ ОРГАНИЗАЦИИ - АЛЬТЕРНАТИВНАЯ ОТВЕТСТВЕННОСТЬ
Начальный элемент ввода "Фундаментальные и прикладные проблемы государства, судебной власти, правосудия и судебной деятельности", круглый стол
Место проведения временной организации Москва
Дата проведения временной организации 2023
Системный номер авторитетной/нормативной записи 2644585
Идентификатор авторитетной/нормативной записи RU\NLR\AUTH\880616882
712 02 - НАИМЕНОВАНИЕ ОРГАНИЗАЦИИ - ВТОРИЧНАЯ ОТВЕТСТВЕННОСТЬ
Код отношения Издающая организация
Начальный элемент ввода Университет мировых цивилизаций им. В. В. Жириновского
Идентифицирующий признак Москва
Системный номер авторитетной/нормативной записи 842059
Идентификатор авторитетной/нормативной записи RU\NLR\AUTH\880588106
942 ## - ДОПОЛНИТЕЛЬНЫЕ ЭЛЕМЕНТЫ ЗАПИСИ (АБИС)
Тип экземпляра АБИС Книга
980 ## - КОЛЛЕКЦИЯ
Название коллекции Национальная библиография

Нет доступных экземпляров.